Kertas kerja Konvensyen UMNO Negeri Terengganu Darul Iman

Bibliographic Details
Corporate Author: Konvensyen UMNO Negeri Terengganu Darul Iman (1991 : Kuala Terengganu)
Format: Book
Subjects:

MARC

LEADER 00000cam a2200000 7i4500
001 0000004799
005 20071115093000.0
008 021118n
090 0 0 |a HC445.5.Z7   |b T474 
110 1 |a Konvensyen UMNO Negeri Terengganu Darul Iman (1991 : Kuala Terengganu) 
245 0 0 |a Kertas kerja Konvensyen UMNO Negeri Terengganu Darul Iman   |c UMNO Terengganu 
300 |a 1 j pelbagai mukasurat ;   |c 30 cm. 
650 0 |a Agriculture   |z Terengganu   |v Congresses 
651 0 |a Industries   |z Malaysia   |z Terengganu   |v Congresses 
651 0 |a Terengganu   |x Ecocomic conditions   |v Congresses 
651 0 |a Terengganu   |x Social conditions   |v Congresses 
999 |a 1000054933   |b Book   |c Reference   |e Gong Badak Campus 
999 |a 1000054934   |b Book   |c Reference   |e Gong Badak Campus 
999 |a 1000054935   |b Book   |c Reference   |e Gong Badak Campus